Nashville business and lifestyles

Detalles Bibliográficos
Título anterior:Advantage
Formato: Electrónico Revista
Lenguaje:inglés
Publicado: Nashville, TN : Southeast Magazines, c1990-
Materias:
Acceso en línea:Full text available from Research Library: 01/01/1985 to 11/30/1990
Full text available from Research Library: 02/01/1992 to 09/30/1992

MARC

LEADER 00000nas a2200000 a 4500
001 ssj0004812
003 WaSeSS
005 20200512172242.0
006 m d
007 cr n
008 900828c19909999tnumr p s 0 a0eng c
010 |a sn 90001127  
022 |l 1052-4215  |y 1052-4215 
032 |a 423590  |b USPS 
035 |a (WaSeSS)ssj0004812 
037 |b Southeast Magazines, 545 Mainstream Drive, Suite 101, Nashville, TN 37228 
040 |a NSD  |b eng  |c NSD  |d FUG  |d NST  |d OCLCQ  |d TKN  |d OCLCF  |d OCLCO  |d WaSeSS 
042 |a nsdp  |a pcc 
082 1 0 |a 051  |2 11 
210 0 |a Nashv. bus. lifestyles 
222 0 |a Nashville business and lifestyles 
245 0 0 |a Nashville business and lifestyles  |h [electronic resource]. 
246 1 0 |a Nashville 
246 1 7 |a Nashville business & lifestyles 
260 |a Nashville, TN :  |b Southeast Magazines,  |c c1990- 
310 |a Monthly 
362 0 |a Vol. 13, no. 9 (Sept. 1990)- 
500 |a Title from cover. 
506 |a License restrictions may limit access. 
650 0 |a Business  |v Periodicals. 
650 7 |a Business.  |2 fast  |0 (OCoLC)fst00842262 
655 0 |a Electronic journals. 
780 0 0 |t Advantage  |x 0739-5515  |w (DLC)sn 83008355  |w (OCoLC)5505663 
850 |a FU  |a T  |a TU 
856 4 0 |z Full text available from Research Library: 01/01/1985 to 11/30/1990  |u https://search.proquest.com/publication/29963 
856 4 0 |z Full text available from Research Library: 02/01/1992 to 09/30/1992  |u https://search.proquest.com/publication/29963